| 000 | 00516nam a2200181Ia 4500 | ||
|---|---|---|---|
| 008 | 100920s9999 xx 000 0 und d | ||
| 082 |
_b84668 _a24 थ 97 |
||
| 100 | _aमुजावर बशीर. | ||
| 245 | _aगूढकथा. | ||
| 260 |
_bसाहेबजी प्रकाशन, पुणे. _c1997 |
||
| 300 |
_a198 _bसाधी |
||
| 365 | _b120 | ||
| 520 | _aसायो. | ||
| 630 | _aगूढकथा. | ||
| 650 | _aसायो. | ||
| 730 | _aगूढकथा. | ||
| 942 | _cBOOK | ||
| 999 |
_c725203 _d725200 |
||